|
|
|
|
| LEADER |
01465nam a2200301 u 4500 |
| 001 |
10075743 |
| 003 |
GR-PaULI |
| 005 |
20240919063351.0 |
| 008 |
090629s1923 gr gre |
| 952 |
|
|
|0 0
|1 0
|2 ddc
|4 0
|6 101_000000000000000_RUS
|7 0
|9 243545
|a LISP
|b LISP
|c ADM
|d 2020-09-17
|e ΚΑΛ
|i 12555
|l 0
|o 101 RUS
|p 025000275516
|r 2020-09-17 00:00:00
|t 1
|v 2020.00
|w 2020-09-17
|y BKN
|
| 999 |
|
|
|c 146951
|d 146951
|
| 040 |
|
|
|a GR-PaULI
|c GR-PaULI
|b gre
|e AACR2
|
| 041 |
1 |
|
|a gre
|h eng
|
| 082 |
0 |
4 |
|a 101
|2 23
|
| 100 |
1 |
|
|a Russell, Bertrand,
|d 1872-1970
|e συγγραφέας.
|9 2114
|
| 245 |
1 |
3 |
|a Τα προβλήματα της φιλοσοφίας /
|b
|c Βερτράνδου Ρώσσελ ; μετάφρασις Κων. Μ. Θεοτόκη.
|
| 260 |
|
|
|a Αθήναι :
|b Γεώργιου Ι. Βασιλείου,
|c 1923.
|
| 300 |
|
|
|a 156 σ. ;
|b
|c 18 εκ.
|
| 490 |
1 |
|
|a Φιλοσοφική και κοινωνιολογική βιβλιοθήκη (Βασιλείου)
|v 1.
|
| 500 |
|
|
|a Τίτλος πρωτοτύπου : The problems of philosophy.
|
| 500 |
|
|
|a
|
| 504 |
|
|
|a
|
| 650 |
|
4 |
|9 148952
|a Φιλοσοφία
|
| 700 |
1 |
|
|9 30862
|a Θεοτόκης, Κωνσταντίνος,
|e μεταφραστής.
|d 1872-1923
|
| 765 |
|
|
|i Μετάφραση του :
|t The problems of philosophy.
|
| 830 |
|
0 |
|a Φιλοσοφική και κοινωνιολογική βιβλιοθήκη (Βασιλείου)
|v 1.
|9 163953
|
| 942 |
|
|
|2 ddc
|c BKN
|
| 998 |
|
|
|c ΜΠΟΥΡΑΣ
|d 2020-09
|